Wes Anderson Films by Picture - Statistics

General Stats
  • This quiz has been taken 192 times
    42 since last reset
  • The average score is 9 of 12
Answer Stats
Picture Answer % Correct
Fantastic Mr. Fox
92%
Asteroid City
84%
Isle of Dogs
84%
The Grand Budapest Hotel
84%
Moonrise Kingdom
78%
The Royal Tenenbaums
78%
The Darjeeling Limited
76%
The Life Aquatic with Steve Zissou
76%
The Phoenician Scheme
73%
Rushmore
70%
The French Dispatch
65%
Bottle Rocket
62%
No matching quizzes found
Score Distribution
Percent of People with Each Score
Percentile by Number Answered
Your Score History
You have not taken this quiz since the last reset